|
|
|
|
| LEADER |
01524nam a2200409Ia 4500 |
| 001 |
EBC459691 |
| 003 |
MiAaPQ |
| 005 |
20200520144314.0 |
| 006 |
m o d | |
| 007 |
cr cn||||||||| |
| 008 |
051228s2006 dcu sb 001 0 eng d |
| 010 |
|
|
|z 2005057765
|
| 020 |
|
|
|z 0821364928
|
| 035 |
|
|
|a (MiAaPQ)EBC459691
|
| 035 |
|
|
|a (Au-PeEL)EBL459691
|
| 035 |
|
|
|a (CaPaEBR)ebr10152530
|
| 035 |
|
|
|a (CaONFJC)MIL65427
|
| 035 |
|
|
|a (OCoLC)781297014
|
| 040 |
|
|
|a MiAaPQ
|c MiAaPQ
|d MiAaPQ
|
| 050 |
|
4 |
|a HJ197
|b .I58 2006
|
| 082 |
0 |
4 |
|a 352.73
|2 22
|
| 245 |
0 |
0 |
|a Intergovernmental fiscal transfers
|h [electronic resource] :
|b principles and practices /
|c edited by Robin Boadway, Anwar Shah.
|
| 260 |
|
|
|a Washington, DC :
|b World Bank,
|c 2006.
|
| 300 |
|
|
|a xlii, 572 p.
|
| 490 |
1 |
|
|a Public sector governance and accountability series
|
| 504 |
|
|
|a Includes bibliographical references and index.
|
| 533 |
|
|
|a Electronic reproduction. Ann Arbor, MI : ProQuest, 2015. Available via World Wide Web. Access may be limited to ProQuest affiliated libraries.
|
| 650 |
|
0 |
|a Intergovernmental fiscal relations.
|
| 650 |
|
0 |
|a Intergovernmental tax relations.
|
| 650 |
|
0 |
|a Revenue sharing.
|
| 650 |
|
0 |
|a Grants-in-aid.
|
| 655 |
|
4 |
|a Electronic books.
|
| 700 |
1 |
|
|a Boadway, Robin W.,
|d 1943-
|
| 700 |
1 |
|
|a Shah, Anwar.
|
| 710 |
2 |
|
|a ProQuest (Firm)
|
| 830 |
|
0 |
|a Public sector governance and accountability series.
|
| 856 |
4 |
0 |
|u https://ebookcentral.proquest.com/lib/matrademy/detail.action?docID=459691
|z Click to View
|